Γλώσσα, κοινωνία, ιστορία : η Ευρώπη του νότου = Langue, societe, histoire : l'Europe du sud

Saved in:
Bibliographic Details
Corporate Authors: Υπουργείο Εθνικής Παιδείας και Θρησκευμάτων Διεύθυνση Διεθνών Εκπαιδευτικών Σχέσεων, Κέντρο Ελληνικής Γλώσσας
Other Authors: Χριστίδης, Αναστάσιος-Φοίβος (edt [Επιμελητής])
Format: Book
Language:Greek
French
Published: Αθήνα : Κέντρο Ελληνικής Γλώσσας, 2002.
Subjects:
Tags: Add Tag
No Tags, Be the first to tag this record!

MARC

LEADER 00000cam a2200000 i 4500
001 1/22932
008 120917s2002 gr | ||| |||| ||gre||
020 |a 9608714001 
035 |l 10113147 
040 |a GR-MY-UA  |b gre  |e aacr 
041 0 |a gre  |a fre 
082 7 |a 306.44   |2 (22) 
110 2 |a Υπουργείο Εθνικής Παιδείας και Θρησκευμάτων  |b Διεύθυνση Διεθνών Εκπαιδευτικών Σχέσεων. 
245 0 0 |a Γλώσσα, κοινωνία, ιστορία :   |b η Ευρώπη του νότου = Langue, societe, histoire : l'Europe du sud /   |c Κέντρο Ελληνικής Γλώσσας ; επιστημονική επιμέλεια: Α.-Φ. Χριστίδης σε συνεργασία με τις Μ. Αραποπούλου, Θ. Γλαράκη, Μ. Χρίτη.  
246 2 1 |a Langue, societe, histoire ;   |b  l'Europe du sud  
260 |a Αθήνα :   |b Κέντρο Ελληνικής Γλώσσας,   |c 2002.  
300 |a 84 σ. ;   |c 24 εκ.  
504 |a Περιλαμβάνει βιβλιογραφικές παραπομπές.  
650 0 0 |a Sociolinguistics. 
650 0 0 |a Language and history  |z Europe. 
650 0 0 |a Sociolinguistics  |z Europe. 
700 1 |a Χριστίδης, Αναστάσιος-Φοίβος,  |e edt [Επιμελητής] 
710 2 |a Κέντρο Ελληνικής Γλώσσας. 
852 |a INST  |b RHODES  |e 20120917  |h 306.44 ΓΛΩ  |p 005400034543  |q 005400034543  |t BK  |y 0 
901 |a BIBL4-2012-3 
909 |a Ρ  |b 171182 
922 |a 4ΕΛΗ 
970 |z 2012/09/17